[Event "Morelia/Linares 25th"]
[Site "Morelia/Linares"]
[Date "2008.02.23"]
[Round "7"]
[White "Carlsen, Magnus"]
[Black "Aronian, Levon"]
[Result "1-0"]
[WhiteElo "2733"]
[BlackElo "2739"]
[Annotator "Rogozenco,D"]
[PlyCount "79"]
[EventDate "2008.02.15"]
[EventType "tourn"]
[EventRounds "14"]
[EventCountry "ESP"]
[EventCategory "21"]
[SourceTitle "CBM 123"]
[Source "ChessBase"]
[SourceDate "2008.04.02"]
[SourceVersion "1"]
[SourceVersionDate "2008.04.02"]
[SourceQuality "1"]

1. e4 e5 2. Nf3 Nc6 3. Bb5 a6 4. Ba4 Nf6 5. O-O Be7 6. Re1 b5 7. Bb3 O-O 8. a3
Bc5 9. c3 {The combination of a2-a3 and c2-c3 does not impress much.} d6 10. d4
Bb6 11. h3 Re8 $1 $146 {This new move shows that Black can save time and
manage without ...h7-h6.} (11... h6 12. Be3 Bb7 13. Nbd2 Re8 14. Bc2 Nb8 15.
dxe5 dxe5 16. Bxb6 cxb6 17. a4 bxa4 18. Bxa4 b5 19. Bb3 Nbd7 $11 {1/2-1/2
Svidler,P-Leko,P/Monte Carlo (rapid) 2006 (46)}) 12. Bg5 {Accepting the
challenge. Other moves can't even pretend to fight for an advantage. On the
other hand this is a highly risky decision and objectively Black is doing more
than fine after it.} h6 13. Bh4 exd4 {Black also must go for complications,
otherwise it is not clear why he allowed the pin of his f6-knight.} (13... Bb7
14. Bc2 $14) 14. cxd4 g5 (14... Bb7 15. Nc3 $14) 15. Bg3 g4 ({Taking on e4
loses:} 15... Rxe4 $2 16. Rxe4 Nxe4 17. Bd5 Qe8 18. Qc2 Nxg3 19. Qg6+ $18) (
15... Nxe4 $2 16. Bd5 $18) 16. hxg4 Bxg4 17. Bh4 (17. d5 Nd4 $36) 17... Nxd4
18. Nc3 {The battle has reached its culminant point: Carlsen sacrificed a
central pawn, considering that the pin of the knight f6 is highly unpleasant
for Black. White's main threat is Nc3-d5. Besides, Black must also reckon with
the advance e4-e5 followed by Ne4.} Bxf3 $5 {In this wild position Levon found
an interesting queen sacrifice. Unfortunately for him he will soon miss an
important detail.} ({After the natural and good} 18... c6 {White still must
prove that he has compensation for the pawn, since} 19. e5 dxe5 20. Ne4 {
doesn't work well in view of} Nxe4 21. Bxd8 Raxd8 22. Rxe4 Nxf3+ 23. gxf3 Rxd1+
24. Bxd1 Bf5 {with advantage for Black}) 19. gxf3 Kh8 $2 ({Now} 19... c6 20. e5
dxe5 21. Ne4 {is already not good for Black, but instead of taking on e5 Black
can play 20...Qc8! and bring the queen to h3 with sufficient activity to hold
the balance.}) ({However, the strongest move is} 19... Kh7 {with a similar
idea from the game. The point is that after} 20. Nd5 Rg8+ 21. Kf1 Ng4 $1 {
the move} 22. Qxd4 {is without check and therefore Black can take the bishop}
Qxh4 {Then after} 23. Nxb6 cxb6 24. fxg4 Qh3+ 25. Ke2 Qxb3 26. f3 Rac8 {
White is fighting for a draw.}) 20. Nd5 Rg8+ 21. Kf1 ({Aronian's idea would
have worked well after} 21. Kh1 $2 Ng4 $1 22. Qxd4+ Bxd4 23. Bxd8 Nxf2+ 24. Kh2
Raxd8 {and it is Black who wins}) 21... Ng4 {The bishop on h4 is hanging,
while taking the queen 22.Bxd8 leads to a nice mate with the knight on h2. But
in fact White has a counter queen sacrifice.} 22. Qxd4+ $1 Bxd4 23. Bxd8 Nh2+ {
Before taking the bishop the knight must run away. Nevertheless he won't have
a long life on h2 either.} 24. Ke2 Raxd8 25. Rad1 $1 $18 {The knight is
trapped on h2 and it turns out that White is simply winning.} Bxb2 26. Rh1 {
Black can't save the knight. Several pawns won't be enough for being a piece
down.} c6 ({Other moves don't help either:} 26... Be5 27. f4 c6 28. fxe5 cxd5
29. Rxh2) ({or} 26... Rg2 27. Ne3 Rdg8 28. Bxf7 R8g7 29. Nxg2 Rxg2 30. Rdg1)
27. Nf4 Be5 28. Nd3 Nxf3 29. Kxf3 Bg7 30. Rh5 {In spite of having three pawns
for the knight, Black is lost. His position contains a lot of weaknesses and
White's pieces are active. The rest is an easy task for Carlsen, who played
very precisely until the end.} d5 (30... c5 31. Bxf7 Rgf8 32. Rf5 {is also
hopeless}) 31. exd5 Rd6 32. Rf5 cxd5 33. Rc1 $1 Rf6 34. Rxf6 Bxf6 35. Rc6 Kg7
36. Nf4 Bg5 37. Nh5+ Kh8 38. Rxa6 d4 39. Ke4 Rg6 40. Ra7 1-0

[Event "Morelia/Linares 25th"]
[Site "Morelia/Linares"]
[Date "2008.02.28"]
[Round "8"]
[White "Ivanchuk, Vassily"]
[Black "Carlsen, Magnus"]
[Result "0-1"]
[WhiteElo "2751"]
[BlackElo "2733"]
[Annotator "Marin,M"]
[PlyCount "79"]
[EventDate "2008.02.15"]
[EventType "tourn"]
[EventRounds "14"]
[EventCountry "ESP"]
[EventCategory "21"]
[SourceTitle "CBM 123"]
[Source "ChessBase"]
[SourceDate "2008.04.02"]
[SourceVersion "1"]
[SourceVersionDate "2008.04.02"]
[SourceQuality "1"]

1. e4 e5 2. Nf3 Nc6 3. Bb5 Nf6 4. O-O Nxe4 {As we shall soon see, this is not
a prelude to the Berlin variation, but an invitation to transpose to the Open
variation. Usually, Carlsen employs the "normal" move order (3...a6, etc.) but
in Corus Ivanchuk had surprised him with the exchange variation, which he
plays only occasionally. Although the game ended in a draw, Carlsen seems to
have had his reasons to avoid this course of events. Did he feel uncomfortable
about the exchange variation, or did he just want to avoid early
simplifications with an increased probability of a draw?...} 5. d4 a6 6. Bxc6 {
So, whatever Carlsen's thoughts had been, he guessed correctly that Ivanchuk
was not going to allow the Open variation.} dxc6 {Theory is not too
well-settled in this variation. Black's position certainly looks dangerous and
his move order at least provocative, but in practice things have been rather
unclear.} 7. Qe2 Bf5 8. Re1 {A very rare move. Among other things, White
threatens to win material with Qd3. After the present game, people may start
asking themselves why this line was not tried more frequently... Black
certainly needs to find a strong improvement somewhere.} (8. Rd1 Be7 9. dxe5
Qc8 {Black's position looks a bit cramped and his e4-knight unstable. However,
White is not too well developed and Black's good control of the light squares
offers him adequate play. Just compare this with the Berlin variation where he
needs several tempi to get castled artificially...} 10. Nd4 (10. b3 O-O 11. Bb2
Re8 12. Nbd2 Ng5 {In fact, the capture on d2 would be more restrictive,
although it could eventually transpose to the game.} 13. Nxg5 Bxg5 14. Nf3 Be7
15. h3 Bg6 16. c4 a5 17. Bc3 c5 18. Nh2 $13 {1/2-1/2 Savon,V (2420)-Buturin,V 
(2415)/Alushta 1992/EXT 97} Qe6 {With all his pieces well placed, Black has no
problems. The direct attack} 19. f4 a4 20. g4 {is not dangerous because of} f5
$1) (10. Rd4 {Apparently, White is just helping the knight improve its
position with gain of time, but he has some tactical play in mind.} Nc5 11. Bg5
$5 Ne6 12. Bxe7 Nxd4 13. Nxd4 Kxe7 14. Qh5 Rd8 15. Qh4+ Kf8 16. Nd2 c5 17. N4f3
Qe6 $17 {Rausis,I (2551)-Wedberg,T (2473)/Upplands Vasby 2000/CBM 081 (0-1, 47)
. Black has completed his development, maintaining his material advantage.}) (
10. Be3 O-O 11. Nbd2 Nxd2 12. Rxd2 h6 13. Rad1 c5 14. Qc4 b6 15. a3 Qb7 $11 {
In the Berlin variation, this square is usually occupied by the king, not
without some efforts.} 16. Qf4 Be6 17. Nh4 $6 g5 $1 18. Qf3 Qxf3 19. Nxf3 Kg7
20. h3 Kg6 21. Nh2 h5 $15 {Aroshidze,L (2401)-Mastrovasilis,D (2568)/Korinthos
2004/CBM 101 ext (1/2-1/2, 58). With all his pieces well placed, Black has a
favourable form of the Berlin variation. In the absence of queens, the plan of
a kingside expansion is strategically sound.}) 10... Bg6 11. Be3 {Opening
expert Geller tries to improve upon an older game of his opponent.} (11. f3 Nc5
12. b3 O-O 13. Bb2 Ne6 14. Nxe6 Qxe6 {Kupper,J-Kaplan,J (2470)/Lugano 1968/MCD
(0-1, 42). with comfortable play for Black.}) 11... O-O 12. Nd2 Nxd2 13. Rxd2
c5 14. Nb3 b6 {White's manoeuvre has only left the knight passive on b3,
requiring further loss of time. Black was going to play ...b6 and ...c5 anyway!
} 15. Rad1 Qf5 16. Qc4 Qe4 17. Qxe4 Bxe4 18. f3 Bf5 19. Nc1 {The sign that
something had gone wrong. As we know from previous examples, the control of
the d-file has a sterile character, because there are no squares available for
infiltration, while Black can exchange rooks with ...Rd8, whenever he wants.}
Rfd8 20. c3 Be6 21. Kf2 a5 22. Rxd8+ Bxd8 23. g3 Be7 {1/2-1/2 Geller,E (2610)
-Kaplan,J (2460)/Amsterdam 1974/MCL. Black's pressure against the queenside
prevents White from starting active operations on the other wing.}) ({The more
forcing line} 8. g4 Bg6 9. Nxe5 Qxd4 10. Nxg6 hxg6 11. Nc3 f5 12. Bf4 O-O-O 13.
Rad1 Qf6 14. Nxe4 fxe4 15. Rxd8+ Kxd8 16. Qxe4 {was at one time supposed to
offer White the slightly better chances. Indeed, certain endings would favour
him, but the following recent game saw Black drawing without problems.} Bd6 17.
Rd1 Re8 18. g5 Rxe4 19. gxf6 gxf6 20. Bxd6 cxd6 21. Rxd6+ Ke7 22. Rd3 Ke6 {
1/2-1/2 Womacka,M (2423)-Matamoros Franco,C (2544)/Olomouc 2006/CBM 113 ext.
Only Black can be microscopically better here, because of his more compact
kingside structure.}) 8... Bb4 $5 $146 (8... Be7 9. g4 Bg6 10. Nxe5 f5 11. Nc3
(11. gxf5 Bxf5 12. Qf3 $16 {wins two pieces for a rook, because after} Nd6 $2
13. Bg5 $18 {Black is in even bigger trouble, not being able to fre himself
from the pin. For instance} O-O 14. Qb3+ $1 Kh8 15. Bxe7 Qxe7 16. Ng6+ $1 $18)
11... O-O 12. Nxg6 hxg6 13. Qc4+ Kh7 14. Nxe4 fxe4 15. Rxe4 Bh4 16. Be3 $16 {
Georgiev,K (2480)-Piket,J (2550)/Corfu 1991/EXT 97 (0-1, 31). White has won a
pawn, but later went terribly wrong and lost.}) (8... Bd6 9. Qd3 O-O 10. Rxe4
Bxe4 11. Qxe4 exd4 12. Qxd4 Be5 $5 13. Qc4 Qd1+ 14. Qf1 Qxf1+ 15. Kxf1 Rad8 16.
Nbd2 Rfe8 17. Nxe5 Rxe5 $16 {Simmelink,J-Van Wieringen,C/NED-ch28 corr9899
1998/Corr 2000 (1-0, 45). White certainly faces some problems completing his
development, but when this has been accomplished, he will retain good chances
for a win.}) 9. c3 Bd6 {I am not entirely sure whether weakening the d3-square
has improved Black's position that much, but according to Carlsen he was just
improvising, not being able to remember "theory".} 10. Qc2 {It looks logical
to make use of this square that has just become available.} ({However,} 10. Qd3
{does not look bad either.}) 10... Qd7 11. dxe5 Bc5 12. Rxe4 O-O-O $16 {
White has won material, "according to the plan", but he still faces some
problems completing his development and getting out of the pin. Besides,
Ivanchuk had spent a lot of time already.} 13. Nbd2 Qd5 14. Kf1 Rhe8 15. b3 {
According to Carlsen, this might be too slow.} (15. c4 $5 Qd7 16. Nb3 $16 {
[%cal Gc1f4]}) 15... g5 16. Bb2 g4 17. Nd4 Bxd4 $5 {Striving for counterplay.}
({Simplifying with} 17... Bxe4 {would have meant struggling for a draw after}
18. Qxe4 Qxe4 19. Nxe4 Rxe5 20. Nxc5 Rxc5 21. f3 $14) 18. cxd4 c5 19. Rae1 cxd4
20. Qc4 $6 {Offering Black undeserved counter-chances.} (20. Qd1 $16 Bxe4 21.
Rxe4 d3 22. Qxg4+ $16) 20... Bxe4 21. Rxe4 Rxe5 22. Rxg4 Rde8 23. Nf3 Qxc4+ 24.
bxc4 Re2 $132 {Things have become completely irrational now.} 25. Bxd4 Rxa2 26.
Rg7 a5 27. Rxf7 Rc2 28. g4 a4 29. g5 a3 30. Rxh7 a2 31. Rh8 Rxh8 32. Bxh8 Rxc4
33. h3 c5 34. Ne1 Rc1 35. g6 Kd7 36. Bb2 Ke6 37. h4 c4 38. h5 c3 39. Bxc1 a1=Q
40. Nd3 0-1

[Event "Morelia/Linares 25th"]
[Site "Morelia/Linares"]
[Date "2008.03.06"]
[Round "13"]
[White "Aronian, Levon"]
[Black "Carlsen, Magnus"]
[Result "1/2-1/2"]
[WhiteElo "2739"]
[BlackElo "2733"]
[Annotator "Krasenkow,M"]
[PlyCount "55"]
[EventDate "2008.02.15"]
[EventType "tourn"]
[EventRounds "14"]
[EventCountry "ESP"]
[EventCategory "21"]
[SourceTitle "CBM 123"]
[Source "ChessBase"]
[SourceDate "2008.04.02"]
[SourceVersion "1"]
[SourceVersionDate "2008.04.02"]
[SourceQuality "1"]

1. d4 Nf6 2. c4 e6 3. Nf3 b6 4. g3 Bb7 5. Bg2 Be7 6. Nc3 O-O 7. Qc2 c5 8. d5
exd5 9. cxd5 Bxd5 $146 {[%mdl 8]} (9... Nxd5 $6 {Compared to the popular line 
(see Radjabov-Leko and Aronian-Anand in this issue), Black has a kind of an
"extra tempo" (his bishop has come to b7 in one go) but that tempo has a
negative value!} 10. Qe4 $1 (10. Ng5 $143 Bxg5 11. Nxd5 Bxd5 12. Bxd5 Nc6 13.
a3 Bxc1 14. Rxc1 Qe7 15. e3 Qe5 16. Rd1 Rad8 17. O-O Ne7 18. e4 Nc6 19. f4 Nd4
20. Qc4 Qe7 $17 {0-1 Tomovic,V-Pirc,V/Zagreb 1949/EXT 2000 (48)}) 10... Nb4 (
10... Nxc3 11. Qxb7 {- had White already castled, Black would have taken on e2
with check!}) (10... f5 11. Qc4 b5 12. Qb3 c4 13. Qxb5 $16 {Knaak}) 11. Qxb7
N8c6 12. Bf4 Nc2+ 13. Kd2 Nxa1 14. Rxa1 Bf6 15. Rd1 Bxc3+ 16. bxc3 Qf6 17. Bh3
d5 18. Bg5 Qg6 19. Ke1 $16 {1-0 Gajewski,G-Hernandez Carmenates,H/Calvia 2006/
EXT 2007 (32)}) (9... Na6 $5 {but in the following game Black failed to
equalize:} 10. Nh4 d6 11. Nf5 Re8 12. O-O Bf8 13. a3 Bc8 14. Rb1 Nc7 15. b4 $14
Bxf5 16. Qxf5 g6 17. Qc2 Nd7 18. Bf4 $14 {1-0 Tregubov,P-Hernandez Carmenates,
H/Merida MEX 2007/The Week in Chess 685 (60)}) 10. Nxd5 Nxd5 11. Nh4 (11. O-O
$5 {[%cal Yf1d1]}) 11... Nb4 12. Qd2 N8c6 13. Nf5 Nd4 $1 {[%mdl 512] This
exchange sacrifice solves Black's problems. Although he gets doubled pawn with
it, his pieces occupy strong squares in the centre.} 14. Nxd4 cxd4 15. Bxa8
Qxa8 16. O-O Qe4 17. a3 (17. f3 Qg6) 17... Nc2 18. Ra2 Rc8 {[%csl Gc2]} 19. b3
Rc3 20. Bb2 Rc6 21. Rd1 Bf6 22. Qd3 (22. Rc1 $145 $1 {(Aronian according to
Schach 4/2008)}) 22... d5 {[%csl Ge4]} 23. Qf3 (23. Bc1 Rc3 24. Qb5 d3 $1 25.
exd3 Qe6 $44 {[%cal Yc2d4]}) 23... h6 24. h4 g5 25. hxg5 hxg5 26. b4 Kg7 27.
Qd3 b5 28. Bc1 (28. Bc1 Rc3 $1 29. Qxe4 (29. Qxb5 d3 $1 30. Rxc2 (30. exd3 Qf3
31. Rf1 Rc8 $19) 30... dxc2 31. Rxd5 a6 $1 32. Rxg5+ $8 Bxg5 33. Qxg5+ Qg6 $15)
29... dxe4 $44) 1/2-1/2

[Event "Baku FIDE GP"]
[Site "Baku"]
[Date "2008.04.24"]
[Round "4"]
[White "Mamedyarov, Shakhriyar"]
[Black "Carlsen, Magnus"]
[Result "1-0"]
[WhiteElo "2752"]
[BlackElo "2765"]
[Annotator "Krasenkow,M"]
[PlyCount "73"]
[EventDate "2008.04.21"]
[EventType "tourn"]
[EventRounds "13"]
[EventCountry "AZE"]
[EventCategory "19"]
[SourceTitle "CBM 124"]
[Source "ChessBase"]
[SourceDate "2008.05.28"]
[SourceVersion "1"]
[SourceVersionDate "2008.05.28"]
[SourceQuality "1"]

1. d4 Nf6 2. c4 e6 3. Nf3 b6 4. g3 Bb7 5. Bg2 Be7 6. O-O O-O 7. Re1 Na6 8. Ne5
Bxg2 9. Kxg2 c6 {This move is apparently too slow.} (9... Qc8) 10. e4 ({
Here is an example of Black taking the initiative:} 10. Nc3 Qc8 11. Bg5 h6 12.
Bxf6 Bxf6 13. Ne4 Be7 14. Qb3 d6 15. Nd3 Nc7 16. Nc3 b5 17. c5 $6 dxc5 18. Nxc5
e5 19. e3 exd4 20. exd4 Bxc5 21. dxc5 Qf5 22. Ne4 Ne6 23. Qc3 Rad8 $15 {
0-1 Molnar,P-Maiorov,N/Kharkov 2007/CBM 117 ext (63)}) 10... Qc7 11. Nc3 Qb7
12. Nd3 (12. Nf3 b5 13. c5 Ne8 14. Bf4 b4 15. Na4 f5 16. Nd2 fxe4 17. Nxe4 Nac7
18. Be5 Nd5 19. Rc1 Nef6 20. f3 Qc8 21. Nd6 Qa6 22. b3 Bxd6 23. Bxd6 Rf7 24.
Qe2 Qa5 25. Qd2 Ne8 26. Be5 Nec7 27. a3 Nb5 28. axb4 Qxb4 29. Qxb4 Nxb4 30. Re3
Nd5 31. Rd3 Raf8 32. Nb2 Nb4 {1/2-1/2 Brodsky,M-Chernyshov,K/Dagomys RUS 2008/
The Week in Chess 702}) (12. Qf3 Rad8 13. Bf4 d5 14. exd5 cxd5 15. Bg5 h6 16.
Bxf6 Bxf6 17. cxd5 exd5 18. Rad1 Nc7 19. Ng4 Rd6 20. Qf5 Rfd8 21. Rd3 $14 {
1/2-1/2 Greenfeld,A-Rozentalis,E/Panormo 2001/CBM 084 ext (45)}) 12... d5 13.
e5 Nd7 14. cxd5 cxd5 15. h4 Nb4 16. Bg5 {A typical manoeuvre - the exchange of
bishops in order to open up the h-file. Of course, Black avoids that.} Nxd3 17.
Qxd3 Bb4 18. Rec1 a6 19. Ne2 Rfc8 20. h5 h6 21. a3 Bf8 22. Bd2 Rxc1 23. Rxc1
Rc8 24. Rf1 {[%cal Yf2f4,Yf4f5]} b5 25. f4 Qc6 26. Rc1 Qb7 27. Rf1 Qc6 28. Qf3
Qb6 {Start of a wrong plan.} (28... Nb6 $142 29. f5 exf5 30. Qxf5 Qe6 31. Qf3
$14) 29. f5 exf5 30. Bc3 {[%cal Rf3d5]} a5 $2 {Overlooking a tactical blow.} (
30... Qc6 31. g4 $16) 31. Bxa5 $1 {[%mdl 64]} (31. Qxd5 {was not bad either.})
31... Qxa5 32. Qxf5 Qd2 (32... Qd8 33. Qxf7+ Kh7 34. Nf4 $18) 33. Qxf7+ Kh8 34.
Rf2 Rd8 35. Qxd5 {[%cal Re5e6,Re2f4]} Qa5 36. Nf4 Qa8 37. Ng6+ (37. Ng6+ Kh7
38. Qxa8 Rxa8 39. Rf7 $18) 1-0

[Event "Baku FIDE GP"]
[Site "Baku"]
[Date "2008.05.02"]
[Round "10"]
[White "Carlsen, Magnus"]
[Black "Navara, David"]
[Result "1/2-1/2"]
[WhiteElo "2765"]
[BlackElo "2672"]
[Annotator "Marin,M"]
[PlyCount "90"]
[EventDate "2008.04.21"]
[EventType "tourn"]
[EventRounds "13"]
[EventCountry "AZE"]
[EventCategory "19"]
[SourceTitle "CBM 124"]
[Source "ChessBase"]
[SourceDate "2008.05.28"]
[SourceVersion "1"]
[SourceVersionDate "2008.05.28"]
[SourceQuality "1"]

1. e4 e5 2. Nf3 Nc6 3. Bb5 a6 4. Ba4 Nf6 5. O-O Be7 6. Re1 b5 7. Bb3 O-O 8. c3
d6 9. h3 Bb7 10. d4 Re8 11. Nbd2 Bf8 12. d5 Nb8 13. Nf1 Nbd7 14. N3h2 Nc5 15.
Bc2 c6 16. b4 Ncd7 17. dxc6 Bxc6 18. Bg5 Qc7 {This seems to be Navarra's
favourite move in this position.} ({I have examined the availanble material
after} 18... h6 {in the notes to Leko,P (2753)-Adams,M (2726)/Wijk aan Zee NED
2008/CBM 122 (1/2-1/2, 98)}) 19. Bxf6 Nxf6 20. Ng4 Nxg4 ({Deviating from} 20...
Be7 {Almasi,Z (2691)-Navara,D (2656)/Reggio Emilia 2008/CBM 122 (1-0, 58),
which was analyzed in the notes to the aforementioned game.}) 21. hxg4 Bb7 $5
$146 {A new move. Black attacks the c3-pawn, while keeping the e4-pawn under
pressure. These elements are aimed to prevent the transfer of the knight to d5.
} ({Previously, Black has directed his bishop towards e6, in order to
neutralize the white bishop, but did not achieve equality.} 21... Rac8 22. Bb3
Bd7 23. Rc1 Be7 24. Ne3 Bg5 25. Nd5 Qb8 26. Rc2 Rc6 27. g3 Qc8 28. f3 Be6 29.
Qd3 Bd8 30. Kg2 $16 {[%cal Ge1h1] Jansa,V (2482)-Klovans,J (2433)/Arvier 2006/
CBM 114 ext (1-0, 41)}) 22. Re3 {Both pawns are safely defended now, but the
knight's access to e3 is (at least temporarily) blocked.} (22. Qd3 Rac8 23. Re3
Be7 {is similar.}) (22. Qf3 Rac8 23. Bb3 {is aimed to be slightly more tricky,
but Black can react with} d5 $1 (23... Qxc3 $4 24. Qxf7+) (23... Re7 24. Rac1
$16 {[%cal Gf1e3]}) 24. Bxd5 Bxd5 25. exd5 Qxc3 $132 {[%csl Rb4,Gd6]}) 22...
Be7 23. Bb3 Bg5 {After having activated his darl-squared bishop with a
manoeuvre typical for the Sveshnikov Sicilian, Black can live without fearing
the manoeuvre Ne3-d5.} 24. Rf3 Rf8 25. Qe2 Bc8 {Once the main strategic
problem has been solved, Black switches back to the approved plan, the
transfer of his light-squared bishop to e6.} ({Delaying this manoeuvre for too
long would leave him struggling, for instance} 25... a5 26. Rd1 g6 (26... Bc8
$1) 27. Qd3 {[%csl Ge4][%cal Gf1e3]} Kg7 28. Ne3 Bxe3 29. Rxe3 $14) 26. Rd1 Be6
27. Ne3 Bxe3 $1 28. Rxe3 a5 29. Bxe6 fxe6 30. a3 axb4 31. cxb4 Qd7 {Black has
slightly more space and the more compact pawn structure. The weakness of the
backward a3- and d6-pawns is not equivalent, because after the eventiual
elimination of the d6-pawn, Black's entire kingside would become weak. However,
the complete absence of minor pieces makes Black's position entirely viable.}
32. g5 Rac8 33. Red3 Rc6 34. R3d2 Ra6 $5 {Navara does not wish to defend his
b-pawn passively and allows a small tactical trick, leading to an exchange of
pawns that, from strategic point of view, favours White (as mentioned above).}
(34... Rb6) (34... Rb8) 35. a4 $1 Rxa4 36. Rxd6 Qf7 {This is Black's point.
Once his queen has been freed from the defence of the d6-pawn, she can put up
pressure against f2.} 37. Rd8 $6 {After this hurried exchange, White will lose
a pawn without getting to create dangerous threats against the enemy king.} ({
More consistent would have been} 37. Rb1 {, maintaining the pressure. In this
case, Black would have been remained under some pressure because of his weak
e-pawns.}) 37... Rxb4 38. R1d7 Qf4 (38... Rb1+ 39. Kh2 Qf4+ 40. g3 Qxg5 {
would have won a second pawn, but after} 41. Rxf8+ Kxf8 {[%cal Gg5h6,Gh6h1]}
42. Kg2 $1 {White avoids any immediate threats against his own king and is
ready to start his own attack.}) 39. Qa2 Rb1+ $1 $11 {Forcing a draw by
perpetual.} 40. Qxb1 Qxf2+ 41. Kh2 Qh4+ 42. Kg1 Qf2+ 43. Kh2 Qh4+ 44. Kg1 Qf2+
45. Kh2 Qh4+ 1/2-1/2